000 00280nam a2200121Ia 4500
008 201214s9999 xx 000 0 und d
100 _aWorsig, G. and Nevelling, V.
245 0 _aTerminology of Documentation
260 _aParis
260 _bUNESCO
300 _a274
942 _cBK
999 _c5980
_d5980